[Event "Hessenliga 0708"]
[Site "Germany"]
[Date "2007.09.30"]
[Round "1.6"]
[White "Panic, Milislav"]
[Black "Schieferstein, Michael"]
[Result "1/2-1/2"]
[WhiteElo "2143"]
[BlackElo "2114"]
[PlyCount "167"]
[EventDate "2007.09.30"]
[EventType "team"]
[EventRounds "9"]
[EventCountry "GER"]
[SourceTitle "EXT 2009"]
[Source "ChessBase"]
[SourceDate "2008.11.26"]
[SourceVersion "1"]
[SourceVersionDate "2008.11.26"]
[SourceQuality "1"]
[WhiteTeam "Oberursel II"]
[BlackTeam "Marburg"]
[WhiteTeamCountry "GER"]
[BlackTeamCountry "GER"]

1. d4 Nf6 2. Nf3 d6 3. Bg5 c6 4. Nbd2 Nbd7 5. e4 Qc7 6. Be2 e5 7. c3 Be7 8. Qc2 Nf8 9. h3 Ng6 10. Nc4 h6 11. Be3 0-0 12. 0-0 Be6 13. Rad1 b5 14. Ncd2 Rab8 15. c4 bxc4 16. Nxc4 Bxc4 17. Bxc4 Qb7 18. Bb3 Nh5 19. g3 Nf6 20. Rfe1 a5 21. Re2 h5 22. Rc1 exd4 23. Bxd4 c5 24. Bc3 h4 25. Qd3 hxg3 26. fxg3 a4 27. Bc4 Nh5 28. Rg2 Qc8 29. Kh2 Bf6 30. Qd5 Ne5 31. Bxe5 dxe5 32. Nxe5 Bxe5 33. Qxe5 Nf6 34. Qf4 Qb7 35. e5 Nh7 36. Rf2 Rbe8 37. Rcf1 Re7 38. Qf5 Kh8 39. Bd3 g6 40. Qf4 Qc7 41. Re2 Kg7 42. h4 Rfe8 43. Rfe1 Qc6 44. Bc4 Rd8 45. Rd2 Rxd2+ 46. Qxd2 Rd7 47. Qf2 Re7 48. Rf1 Qc7 49. Qf4 Qb7 50. Rf2 Qc7 51. Re2 Qc6 52. Rd2 Rd7 53. Rd6 Qb7 54. Qd2 Re7 55. e6 fxe6 56. Bxe6 Nf6 57. Bd5 Qb5 58. Bf3 Qf1 59. Qg2 Qb1 60. Qf2 Qf5 61. Kg2 Qe5 62. Rd2 Qf5 63. Rc2 Re5 64. Rc4 Qd3 65. Rxc5 Re7 66. Qc2 Qa6 67. Rc6 Qa5 68. Qc3 Qf5 69. g4 Qe5 70. Qxe5 Rxe5 71. Rc4 Rb5 72. Rc2 Rb4 73. Kg3 Ne8 74. a3 Rd4 75. Re2 Nd6 76. Rc2 Nc4 77. Re2 Kf6 78. Bc6 Ne5 79. g5+ Ke6 80. Be4 Kd6 81. h5 gxh5 82. g6 Nxg6 83. Bxg6 Rg4+ 84. Kf3 1/2-1/2

[Event "Hessenliga 0607"]
[Site "Germany"]
[Date "2006.10.29"]
[Round "3.8"]
[White "Domanski, Markus"]
[Black "Panic, Milislav"]
[Result "1/2-1/2"]
[WhiteElo "2067"]
[BlackElo "2135"]
[PlyCount "128"]
[EventDate "2006.09.17"]
[EventType "team"]
[EventRounds "9"]
[EventCountry "GER"]
[SourceTitle "EXT 2008"]
[Source "ChessBase"]
[SourceDate "2007.11.25"]
[SourceVersion "1"]
[SourceVersionDate "2007.11.25"]
[SourceQuality "1"]
[WhiteTeam "Schoeneck II"]
[BlackTeam "Oberursel II"]
[WhiteTeamCountry "GER"]
[BlackTeamCountry "GER"]

1. d4 d5 2. c4 c6 3. Nf3 Nf6 4. e3 e6 5. Bd3 Nbd7 6. 0-0 dxc4 7. Bxc4 b5 8. Bd3 a6 9. e4 c5 10. e5 Nd5 11. Nc3 Bb7 12. Ng5 cxd4 13. Nxe6 Qb6 14. Nxf8 dxc3 15. Nxd7 Qc6 16. Re1 Qxd7 17. e6 fxe6 18. Qh5+ Kd8 19. bxc3 Rc8 20. c4 bxc4 21. Qh4+ Kc7 22. Qg3+ Qd6 23. Bxc4 Qxg3 24. hxg3 Kd7 25. Bb3 g6 26. Ba3 Rhe8 27. Rad1 Rc7 28. Re5 Bc6 29. Rde1 Rb7 30. Bc4 a5 31. f4 Nc7 32. Rxa5 Bd5 33. Bxd5 Nxd5 34. Ra6 Nb6 35. Rb1 Kc6 36. Bc1 Kc7 37. Be3 Nd5 38. Rxb7+ Kxb7 39. Ra7+ Kc6 40. Bd4 Nc7 41. Be5 Nd5 42. Rxh7 Ra8 43. Rg7 Rxa2 44. Rxg6 Ne3 45. Bd4 Nf5 46. Rxe6+ Kd7 47. Re5 Nxg3 48. Be3 Rb2 49. f5 Nh5 50. g4 Nf6 51. g5 Ng4 52. Rd5+ Kc6 53. Rd3 Rb5 54. Rc3+ Kd5 55. f6 Ke6 56. Rc6+ Kd7 57. Rb6 Rd5 58. Bf4 Rf5 59. Bd2 Ne5 60. Bc1 Nf3+ 61. Kg2 Nxg5 62. Bxg5 Rxg5+ 63. Kf3 Ke8 64. Kf4 Ra5 1/2-1/2

[Event "GER-chT Seniors 15th"]
[Site "Bad Blankenburg"]
[Date "2006.09.08"]
[Round "6.4"]
[White "Schroeder, Christian"]
[Black "Panic, Milislav"]
[Result "1-0"]
[WhiteElo "2029"]
[BlackElo "2135"]
[PlyCount "78"]
[EventDate "2006.09.03"]
[EventType "team-swiss"]
[EventRounds "7"]
[EventCountry "GER"]
[SourceTitle "CBM 114 Extra"]
[Source "ChessBase"]
[SourceDate "2006.11.03"]
[SourceVersion "1"]
[SourceVersionDate "2006.11.03"]
[SourceQuality "1"]

1. d4 d5 2. c4 c6 3. Nf3 Nf6 4. Nc3 e6 5. e3 a6 6. Bd3 b5 7. cxd5 cxd5 8. 0-0 Bb7 9. Bd2 Nbd7 10. Ne5 Nxe5 11. dxe5 Ne4 12. Rc1 Nxd2 13. Qxd2 Bb4 14. a3 Ba5 15. b4 Bc7 16. f4 d4 17. exd4 Qxd4+ 18. Kh1 Rd8 19. Bxb5+ axb5 20. Qxd4 Rxd4 21. Nxb5 Rd2 22. Rxc7 Bxg2+ 23. Kg1 Bd5 24. Nd6+ Kd8 25. Rfc1 Rd1+ 26. Rxd1 Kxc7 27. Rc1+ Kd7 28. b5 Ra8 29. b6 Bc6 30. Rc3 f6 31. Nc4 Bd5 32. Ne3 fxe5 33. Nxd5 exd5 34. fxe5 Rb8 35. Rc7+ Kd8 36. Rc6 Kd7 37. Rd6+ Ke7 38. a4 Ra8 39. b7 Rb8 1-0

[Event "GER-chT Seniors 15th"]
[Site "Bad Blankenburg"]
[Date "2006.09.04"]
[Round "2.4"]
[White "Just, Joachim"]
[Black "Panic, Milislav"]
[Result "0-1"]
[WhiteElo "2105"]
[BlackElo "2135"]
[PlyCount "112"]
[EventDate "2006.09.03"]
[EventType "team-swiss"]
[EventRounds "7"]
[EventCountry "GER"]
[SourceTitle "CBM 114 Extra"]
[Source "ChessBase"]
[SourceDate "2006.11.03"]
[SourceVersion "1"]
[SourceVersionDate "2006.11.03"]
[SourceQuality "1"]

1. e4 e6 2. d4 d5 3. Bd3 c5 4. exd5 Qxd5 5. Nf3 cxd4 6. c4 dxc3 7. Nxc3 Bb4 8. 0-0 Bxc3 9. bxc3 Qa5 10. Bf4 Nc6 11. Qb3 Nge7 12. Ng5 h6 13. Ne4 0-0 14. Rfe1 Nd5 15. Bd2 Qc7 16. Rad1 Na5 17. Qc2 Nc4 18. Bc1 Bd7 19. Bxc4 Qxc4 20. Rd4 Qc6 21. Qd3 f5 22. Nd2 b5 23. Nf3 Rf6 24. Ne5 Qb7 25. h4 Rc8 26. Bd2 Be8 27. f4 Qc7 28. Rc1 Qb6 29. Kh2 Qa6 30. a4 Qb7 31. Rb1 a6 32. c4 bxc4 33. Rxc4 Qa8 34. Rbc1 Rxc4 35. Rxc4 Nb6 36. Rc7 Nd5 37. Rc4 Rf8 38. Qa3 Qd8 39. Qc1 Qxh4+ 40. Kg1 Qe7 41. Qa1 Qb7 42. Be1 Ne3 43. Qa2 Nxc4 44. Qxc4 Qd5 45. Qxa6 Qe4 46. Bg3 Qxa4 47. Qxe6+ Kh7 48. Qe7 Rf6 49. Bh4 Rb6 50. Qf8 Rb1+ 51. Kh2 Qxf4+ 52. Bg3 Qf1 53. Kh3 Bh5 54. Qa8 Qh1+ 55. Bh2 Bg4+ 56. Kg3 Qe1+ 0-1

[Event "GER-chT Seniors 15th"]
[Site "Bad Blankenburg"]
[Date "2006.09.03"]
[Round "1.4"]
[White "Panic, Milislav"]
[Black "Brameyer, Hermann"]
[Result "0-1"]
[WhiteElo "2135"]
[BlackElo "2233"]
[PlyCount "106"]
[EventDate "2006.09.03"]
[EventType "team-swiss"]
[EventRounds "7"]
[EventCountry "GER"]
[SourceTitle "CBM 114 Extra"]
[Source "ChessBase"]
[SourceDate "2006.11.03"]
[SourceVersion "1"]
[SourceVersionDate "2006.11.03"]
[SourceQuality "1"]

1. d4 Nf6 2. Nf3 e6 3. Bf4 c5 4. e3 d5 5. c3 Qb6 6. Qb3 c4 7. Qc2 Nc6 8. Nbd2 Qa5 9. Be2 b5 10. Ne5 Bb7 11. 0-0 Be7 12. b3 Qd8 13. a4 a6 14. a5 Nd7 15. Nxd7 Qxd7 16. Bg3 h5 17. h3 0-0-0 18. e4 Rde8 19. Bf3 f5 20. exd5 exd5 21. Rfe1 g5 22. Be5 Nxe5 23. Rxe5 g4 24. Bd1 Bg5 25. Nf1 Rxe5 26. dxe5 Re8 27. Ng3 Rxe5 28. Be2 Kb8 29. Nxh5 Qe8 30. hxg4 Rxe2 31. Qxf5 Re5 32. Qh7 Bc8 33. Rf1 Re7 34. Qb1 Bxg4 35. Ng3 Bf6 36. Qc1 Be5 37. Re1 Bxg3 38. Rxe7 Qxe7 39. fxg3 Qd6 40. Qe3 d4 41. cxd4 Bd7 42. Qc3 Bc6 43. Qe3 Kb7 44. g4 Bd5 45. g5 Qe6 46. Qg3 Qe4 47. g6 Qxd4+ 48. Kh2 Qg7 49. Kg1 Qc7 50. Qc3 Qe7 51. Qd4 Qe4 52. Qb6+ Kc8 53. Qxa6+ Bb7 0-1

[Event "Hessen-ch Seniors op 02nd"]
[Site "Bad Sooden-Allendorf"]
[Date "2006.05.07"]
[Round "6"]
[White "Panic, Milislav"]
[Black "Limberg, Siegfried"]
[Result "1/2-1/2"]
[WhiteElo "2034"]
[BlackElo "1989"]
[PlyCount "53"]
[EventDate "2006.04.25"]
[EventType "swiss"]
[EventRounds "9"]
[EventCountry "GER"]
[SourceTitle "EXT 2007"]
[Source "ChessBase"]
[SourceDate "2006.11.23"]
[SourceVersion "1"]
[SourceVersionDate "2006.11.23"]
[SourceQuality "1"]

1. d4 d5 2. Nf3 Nf6 3. Bf4 Bf5 4. e3 e6 5. c4 c6 6. Nc3 h6 7. Qb3 Qb6 8. c5 Qxb3 9. axb3 Nbd7 10. h3 Be7 11. b4 0-0 12. b5 Rfc8 13. bxc6 Rxc6 14. b4 Rcc8 15. Be2 Bd8 16. Nb5 a5 17. Nd6 axb4 18. 0-0 b3 19. Nxf5 exf5 20. Rxa8 Rxa8 21. Rb1 g5 22. Be5 Ra2 23. Rxb3 Rxe2 24. Rxb7 Kf8 25. c6 Nxe5 26. Nxe5 Re1+ 27. Kh2 1/2-1/2

[Event "Hessen-ch Seniors op 02nd"]
[Site "Bad Sooden-Allendorf"]
[Date "2006.05.03"]
[Round "9"]
[White "Hartmann, Rudi"]
[Black "Panic, Milislav"]
[Result "1/2-1/2"]
[WhiteElo "1732"]
[BlackElo "2034"]
[PlyCount "131"]
[EventDate "2006.04.25"]
[EventType "swiss"]
[EventRounds "9"]
[EventCountry "GER"]
[SourceTitle "EXT 2007"]
[Source "ChessBase"]
[SourceDate "2006.11.23"]
[SourceVersion "1"]
[SourceVersionDate "2006.11.23"]
[SourceQuality "1"]

1. d4 d5 2. Nf3 Nf6 3. Bf4 e6 4. e3 c5 5. Bb5+ Nc6 6. Ne5 Qb6 7. Nc3 Be7 8. Rb1 0-0 9. Nxc6 bxc6 10. Be2 cxd4 11. exd4 c5 12. dxc5 Bxc5 13. 0-0 Ba6 14. Na4 Bxe2 15. Qxe2 Qb4 16. Nxc5 Qxf4 17. Nd3 Qc4 18. a3 Rfc8 19. Rfc1 Rab8 20. f3 Rb6 21. Kf1 Rcb8 22. Nb4 a5 23. Nd3 Nd7 24. b3 Qh4 25. Kg1 e5 26. Qe1 Qd4+ 27. Qf2 Qc3 28. Qe1 Qxe1+ 29. Rxe1 f6 30. Kf2 Rc6 31. Rb2 Rbc8 32. Rc1 Nb6 33. Ke2 d4 34. Kd2 Nd5 35. Ra1 Ne3 36. Ne1 Kf7 37. Raa2 Ke7 38. Rb1 Rc3 39. g3 Kd6 40. Rc1 f5 41. b4 Nc4+ 42. Kd1 Rxa3 43. Rxa3 Nxa3 44. bxa5 Ra8 45. Ra1 Rxa5 46. Ra2 Nc4 47. Rxa5 Nxa5 48. c3 dxc3 49. Kc2 Nc4 50. Kxc3 Ne3 51. h3 h5 52. Kd3 Nf1 53. g4 hxg4 54. hxg4 fxg4 55. fxg4 Ke6 56. Ke4 Nh2 57. g5 g6 58. Nd3 Ng4 59. Nc5+ Kd6 60. Nd3 Ke6 61. Nc5+ Ke7 62. Nd3 Kd6 63. Kf3 Nh2+ 64. Kg2 e4 65. Nf2 e3 66. Nd3 1/2-1/2

[Event "Hessen-ch Seniors op 02nd"]
[Site "Bad Sooden-Allendorf"]
[Date "2006.04.28"]
[Round "4"]
[White "Panic, Milislav"]
[Black "Bierwisch, Bernhard"]
[Result "1/2-1/2"]
[WhiteElo "2034"]
[BlackElo "2118"]
[PlyCount "108"]
[EventDate "2006.04.25"]
[EventType "swiss"]
[EventRounds "9"]
[EventCountry "GER"]
[SourceTitle "EXT 2007"]
[Source "ChessBase"]
[SourceDate "2006.11.23"]
[SourceVersion "1"]
[SourceVersionDate "2006.11.23"]
[SourceQuality "1"]

1. d4 Nf6 2. Nf3 g6 3. Bg5 Bg7 4. e3 c5 5. c3 Qb6 6. Qb3 Qxb3 7. axb3 b6 8. Nbd2 Bb7 9. Be2 0-0 10. 0-0 d6 11. h3 Rd8 12. Rfe1 h6 13. Bh4 Kf8 14. Bf1 a6 15. Rad1 Nc6 16. Be2 b5 17. dxc5 dxc5 18. Bxf6 Bxf6 19. Ne4 c4 20. Nxf6 exf6 21. bxc4 b4 22. cxb4 Nxb4 23. Rxd8+ Rxd8 24. Rd1 Ke7 25. Rxd8 Kxd8 26. Kf1 Kc7 27. Ke1 Bxf3 28. gxf3 f5 29. Kd2 Kd6 30. Kc3 Kc5 31. Kb3 f6 32. Kc3 Na2+ 33. Kd2 Nb4 34. Bd3 Nc6 35. f4 a5 36. b3 Ne7 37. h4 g5 38. fxg5 fxg5 39. hxg5 hxg5 40. e4 fxe4 41. Bxe4 Kd4 42. Bb7 Nf5 43. f3 Nd6 44. Bd5 Ne8 45. Ke2 Nc7 46. Bb7 Ne6 47. Kf2 Nc5 48. Bc6 Nxb3 49. Kg3 Ke5 50. Kg4 Nd4 51. Bd7 Kd6 52. Ba4 Kc5 53. Bd1 Kxc4 54. Kxg5 Nxf3+ 1/2-1/2

[Event "Hessen-ch Seniors"]
[Site "Offenbach"]
[Date "2005.04.02"]
[Round "6"]
[White "Panic, Milislav"]
[Black "Niebling, Ferdinand"]
[Result "1-0"]
[WhiteElo "2169"]
[BlackElo "2222"]
[PlyCount "59"]
[EventDate "2005.03.28"]
[EventType "swiss"]
[EventRounds "7"]
[EventCountry "GER"]
[SourceTitle "EXT 2006"]
[Source "ChessBase"]
[SourceDate "2005.11.24"]
[SourceVersion "1"]
[SourceVersionDate "2005.11.24"]
[SourceQuality "1"]

1. d4 f5 2. Bg5 Nf6 3. Bxf6 exf6 4. e3 d5 5. Bd3 Be6 6. Nd2 Qd7 7. Qf3 Nc6 8. c3 g6 9. Ne2 Bg7 10. Ng3 h5 11. h4 Bh6 12. Ne2 Bf7 13. Nf4 0-0-0 14. Nb3 Rde8 15. g3 Bf8 16. Bb5 a6 17. Be2 Kb8 18. a4 Na7 19. Nd3 Nc8 20. Nbc5 Bxc5 21. Nxc5 Qd6 22. a5 Re7 23. Ra4 Ka7 24. Rb4 c6 25. Kd2 Qd8 26. Bxa6 Nd6 27. Bd3 Ne4+ 28. Bxe4 dxe4 29. Qe2 Qd6 30. Rxb7+ 1-0

[Event "Hessen-ch Seniors"]
[Site "Offenbach"]
[Date "2005.03.29"]
[Round "2"]
[White "Panic, Milislav"]
[Black "Claus, Juergen"]
[Result "1/2-1/2"]
[WhiteElo "2169"]
[BlackElo "2039"]
[PlyCount "47"]
[EventDate "2005.03.28"]
[EventType "swiss"]
[EventRounds "7"]
[EventCountry "GER"]
[SourceTitle "EXT 2006"]
[Source "ChessBase"]
[SourceDate "2005.11.24"]
[SourceVersion "1"]
[SourceVersionDate "2005.11.24"]
[SourceQuality "1"]

1. d4 Nf6 2. Bg5 Ne4 3. Bf4 d5 4. Nd2 Bf5 5. e3 e6 6. Nxe4 Bxe4 7. Nf3 Bxf3 8. Qxf3 Bd6 9. Bd3 Bxf4 10. Qxf4 Nd7 11. Qg3 g6 12. h4 Nf6 13. Qe5 Qe7 14. c3 0-0-0 15. b4 Nd7 16. Qg3 e5 17. a3 f5 18. Kd2 Rdf8 19. f4 exf4 20. exf4 Nf6 21. Qf3 Qd6 22. Rhe1 Ne4+ 23. Bxe4 fxe4 24. Qg4+ 1/2-1/2

[Event "EU-ch Seniors 05th"]
[Site "Bad Homburg"]
[Date "2005.??.??"]
[Round "9"]
[White "Panic, Milislav"]
[Black "Stull, Norbert"]
[Result "0-1"]
[WhiteElo "2169"]
[BlackElo "2105"]
[PlyCount "68"]
[EventDate "2005.06.25"]
[EventType "swiss"]
[EventRounds "9"]
[EventCountry "GER"]
[SourceTitle "EXT 2006"]
[Source "ChessBase"]
[SourceDate "2005.11.24"]
[SourceVersion "1"]
[SourceVersionDate "2005.11.24"]
[SourceQuality "1"]

1. d4 Nf6 2. Nf3 g6 3. Bg5 Bg7 4. Nbd2 d5 5. e3 0-0 6. h3 Nbd7 7. Be2 c5 8. c3 b6 9. 0-0 Bb7 10. Qc2 Rc8 11. Rfe1 Ne4 12. Nxe4 dxe4 13. Nd2 cxd4 14. exd4 Bxd4 15. Nxe4 Nc5 16. Nxc5 Rxc5 17. Bh4 Bf6 18. Bxf6 exf6 19. Rad1 Qa8 20. Bf1 Re8 21. Qd2 Rxe1 22. Rxe1 Rd5 23. Qf4 Kg7 24. Qc7 Rc5 25. Qe7 Rg5 26. g4 Qc8 27. Re3 Qc6 28. f3 h5 29. Bd3 hxg4 30. Be4 gxh3+ 31. Kh2 Qb5 32. Bd3 Qxb2+ 33. Re2 Qc1 34. Qe3 Rg2+ 0-1

[Event "EU-ch Seniors 05th"]
[Site "Bad Homburg"]
[Date "2005.??.??"]
[Round "8"]
[White "Scholz, Herbert"]
[Black "Panic, Milislav"]
[Result "0-1"]
[WhiteElo "2000"]
[BlackElo "2169"]
[PlyCount "90"]
[EventDate "2005.06.25"]
[EventType "swiss"]
[EventRounds "9"]
[EventCountry "GER"]
[SourceTitle "EXT 2006"]
[Source "ChessBase"]
[SourceDate "2005.11.24"]
[SourceVersion "1"]
[SourceVersionDate "2005.11.24"]
[SourceQuality "1"]

1. d4 d5 2. c4 c6 3. Nc3 Nf6 4. Bg5 e6 5. cxd5 cxd5 6. e3 Nc6 7. Rc1 Be7 8. Bd3 h6 9. Bh4 0-0 10. Nge2 Bd7 11. 0-0 Rc8 12. f3 Na5 13. b3 a6 14. e4 dxe4 15. fxe4 Nc6 16. Bb1 e5 17. Kh1 exd4 18. Nxd4 Nxd4 19. Qxd4 Ng4 20. Bxe7 Qxe7 21. e5 Qxe5 22. Qxe5 Nxe5 23. Nd5 Rxc1 24. Rxc1 Rd8 25. h3 Kf8 26. Kh2 Bxh3 27. Nf4 Bg4 28. Rc7 Rd7 29. Rc5 Nc6 30. Kg3 Be6 31. Be4 Rd6 32. Rc3 g5 33. Nd3 f5 34. Bxc6 bxc6 35. Nb4 f4+ 36. Kh2 g4 37. g3 f3 38. Kg1 Rd1+ 39. Kf2 Bd5 40. a4 Rd2+ 41. Kf1 h5 42. Nxa6 h4 43. gxh4 g3 44. Re3 Rd1+ 45. Re1 g2+ 0-1

[Event "EU-chT Seniors 06th"]
[Site "Dresden"]
[Date "2004.02.23"]
[Round "2.4"]
[White "Panic, Milislav"]
[Black "Kristjansson, Olafur"]
[Result "1-0"]
[WhiteElo "2157"]
[BlackElo "2322"]
[PlyCount "95"]
[EventDate "2004.02.22"]
[EventType "team-swiss"]
[EventRounds "7"]
[EventCountry "GER"]
[SourceTitle "CBM 099 Extra"]
[Source "ChessBase"]
[SourceDate "2004.05.04"]
[SourceVersion "1"]
[SourceVersionDate "2004.05.04"]
[SourceQuality "1"]
[WhiteTeam "Hessen"]
[BlackTeam "Island"]
[WhiteTeamCountry "GER"]
[BlackTeamCountry "ISL"]

1. d4 Nf6 2. Nf3 g6 3. Bg5 Bg7 4. Nbd2 d5 5. e3 0-0 6. h3 Nbd7 7. Bd3 Qe8 8. Bf4 c6 9. Bh2 h6 10. c4 c5 11. 0-0 cxd4 12. exd4 dxc4 13. Nxc4 Qd8 14. Qb3 Nd5 15. Rfe1 N7f6 16. Rac1 b6 17. Nce5 Bb7 18. Nc6 Bxc6 19. Rxc6 Rc8 20. Rec1 Rxc6 21. Rxc6 Qa8 22. Ne5 e6 23. a3 Rd8 24. Qc2 Ne7 25. Rc7 Rc8 26. Ba6 Rxc7 27. Qxc7 Nfd5 28. Qd7 Qf8 29. g4 h5 30. Qxa7 Bh6 31. Nd7 Qd8 32. Qb7 hxg4 33. hxg4 Bf4 34. Bxf4 Nxf4 35. Qxb6 Qxb6 36. Nxb6 Nc6 37. Bc4 Nxd4 38. a4 Nf3+ 39. Kf1 Nd2+ 40. Ke1 Nxc4 41. Nxc4 Nd5 42. a5 Nc7 43. Kd2 Kf8 44. Kd3 Ke7 45. Kd4 Na6 46. Ne5 g5 47. Kc4 f6 48. Nd3 1-0

[Event "GER-chT Seniors 12th"]
[Site "Finsterbergen"]
[Date "2003.08.10"]
[Round "1.1"]
[White "Panic, Milislav"]
[Black "Liebert, Heinz"]
[Result "0-1"]
[WhiteElo "2186"]
[BlackElo "2292"]
[PlyCount "96"]
[EventDate "2003.08.10"]
[EventType "team"]
[EventRounds "7"]
[EventCountry "GER"]
[SourceTitle "EXT 2012"]
[Source "ChessBase"]
[SourceDate "2011.11.24"]
[SourceVersion "1"]
[SourceVersionDate "2011.11.24"]
[SourceQuality "1"]
[WhiteTeam "Hessen II"]
[BlackTeam "Sachsen Anhalt Seniors"]
[WhiteTeamCountry "GER"]
[BlackTeamCountry "GER"]

1. d4 Nf6 2. Nf3 e6 3. Bg5 h6 4. Bxf6 Qxf6 5. e4 d6 6. Be2 g6 7. c3 Bg7 8. Nbd2 0-0 9. 0-0 Qe7 10. Re1 e5 11. Qb3 Nc6 12. d5 Nb8 13. Qc2 Nd7 14. b4 c6 15. dxc6 bxc6 16. c4 d5 17. c5 f5 18. Qb3 fxe4 19. Nxe4 Kh7 20. Nc3 e4 21. Bf1 Qf6 22. Nxd5 cxd5 23. Qxd5 Rb8 24. Qxe4 Bb7 25. Qe7 Bxf3 26. Qxd7 Bb7 27. Qd2 Qh4 28. Rab1 Bd4 29. Re2 Ba6 30. g3 Qf6 31. Re7+ Qxe7 32. Qxd4 Bxf1 33. Rxf1 Rbd8 34. Qc3 Qe2 35. c6 Rd1 36. Rxd1 Qxd1+ 37. Kg2 Qd5+ 38. Kg1 Qxa2 39. Qc5 Qb1+ 40. Kg2 Qf5 41. Qxa7+ Rf7 42. Qb6 Qe4+ 43. Kg1 Qc2 44. b5 h5 45. h4 Re7 46. Qd4 Qb1+ 47. Kg2 Qxb5 48. Qd6 Qe5 0-1

[Event "GER-ch Seniors 15th"]
[Site "Bad Wiessee"]
[Date "2003.05.14"]
[Round "5.7"]
[White "Panic, Milislav"]
[Black "Bachmann, Karlheinz"]
[Result "0-1"]
[WhiteElo "2141"]
[BlackElo "2281"]
[PlyCount "60"]
[EventDate "2003.05.??"]
[EventType "swiss"]
[EventRounds "9"]
[EventCountry "GER"]
[SourceTitle "CBM 094 Extra"]
[Source "ChessBase"]
[SourceDate "2003.07.09"]
[SourceVersion "2"]
[SourceVersionDate "2003.07.09"]
[SourceQuality "1"]

1. Nf3 c5 2. c4 g6 3. Nc3 Bg7 4. g3 Nc6 5. Bg2 d6 6. 0-0 e5 7. d3 Nge7 8. a3 0-0 9. Rb1 a5 10. Bd2 h6 11. Qa4 Bd7 12. Nb5 Qb8 13. e4 Na7 14. Qc2 Nxb5 15. cxb5 Bxb5 16. b4 cxb4 17. axb4 Rc8 18. Qb3 a4 19. Qa3 Qa7 20. Be3 Qa6 21. Rfd1 d5 22. Bc5 dxe4 23. dxe4 Nc6 24. Bf1 Bxf1 25. Rxf1 Nd4 26. Nxd4 exd4 27. Rfd1 Rd8 28. b5 Qe6 29. Rb4 b6 30. Bxd4 Bf8 0-1

[Event "Hessen-ch Seniors"]
[Site "Bruchkoebel"]
[Date "2002.03.30"]
[Round "9"]
[White "Hartmann, Heinz"]
[Black "Panic, Milislav"]
[Result "0-1"]
[WhiteElo "1950"]
[BlackElo "2143"]
[PlyCount "48"]
[EventDate "2002.03.22"]
[EventType "swiss"]
[EventRounds "9"]
[EventCountry "GER"]
[SourceTitle "EXT 2003"]
[Source "ChessBase"]
[SourceDate "2002.11.25"]
[SourceVersion "1"]
[SourceVersionDate "2002.11.25"]
[SourceQuality "1"]

1. e4 e6 2. d4 d5 3. exd5 exd5 4. Bd3 Nf6 5. Bg5 Be7 6. Nd2 Bg4 7. f3 Bh5 8. c3 Nbd7 9. Ne2 Bg6 10. Qc2 c6 11. Ng3 Nh5 12. Bxe7 Qxe7+ 13. Kf2 Nf4 14. Bf5 0-0 15. Rhe1 Qh4 16. Kg1 Rfe8 17. Ndf1 Nf8 18. Re3 Rxe3 19. Nxe3 Re8 20. Nef1 Qg5 21. Rd1 h5 22. Bxg6 fxg6 23. h3 h4 24. Nh1 Re2 0-1

[Event "Hessen-ch Seniors"]
[Site "Bruchkoebel"]
[Date "2002.03.26"]
[Round "5"]
[White "Panic, Milislav"]
[Black "Thieme, Hans"]
[Result "1/2-1/2"]
[WhiteElo "2143"]
[BlackElo "1985"]
[PlyCount "102"]
[EventDate "2002.03.22"]
[EventType "swiss"]
[EventRounds "9"]
[EventCountry "GER"]
[SourceTitle "EXT 2003"]
[Source "ChessBase"]
[SourceDate "2002.11.25"]
[SourceVersion "1"]
[SourceVersionDate "2002.11.25"]
[SourceQuality "1"]

1. Nf3 Nf6 2. g3 b5 3. Bg2 d5 4. d4 e6 5. 0-0 Bb7 6. b3 c5 7. dxc5 Bxc5 8. Bb2 Nbd7 9. Qd3 Qb6 10. Nbd2 0-0 11. Ne5 Nxe5 12. Bxe5 Nd7 13. Bb2 Rfd8 14. Nf3 Be7 15. Bd4 Bc5 16. e3 b4 17. c4 bxc3 18. Qxc3 Rac8 19. Qb2 Bxd4 20. exd4 Rc6 21. Rfc1 Rdc8 22. Rxc6 Qxc6 23. Qa3 f6 24. Re1 Kf7 25. h4 Qa6 26. Qb4 Qb6 27. Qd2 Qc6 28. Bh3 Nf8 29. Qf4 Kg8 30. h5 Ba6 31. h6 Bd3 32. hxg7 Kxg7 33. Qe3 Be4 34. Nd2 Bg6 35. Nf3 Qc3 36. Bxe6 Qxe3 37. Rxe3 Rc1+ 38. Ne1 Nxe6 39. Rxe6 Be4 40. Kf1 Bd3+ 41. Kg2 Be4+ 42. f3 Rxe1 43. fxe4 dxe4 44. Kf2 Ra1 45. Rxe4 Rxa2+ 46. Kf3 Kg6 47. g4 Rb2 48. Re3 Rd2 49. Ke4 Rg2 50. Kf4 Rf2+ 51. Ke4 Rg2 1/2-1/2

[Event "Hessen-ch Seniors"]
[Site "Bruchkoebel"]
[Date "2002.03.24"]
[Round "3"]
[White "Panic, Milislav"]
[Black "Jugow, Alexander"]
[Result "1-0"]
[WhiteElo "2143"]
[BlackElo "2236"]
[PlyCount "89"]
[EventDate "2002.03.22"]
[EventType "swiss"]
[EventRounds "9"]
[EventCountry "GER"]
[SourceTitle "EXT 2003"]
[Source "ChessBase"]
[SourceDate "2002.11.25"]
[SourceVersion "1"]
[SourceVersionDate "2002.11.25"]
[SourceQuality "1"]

1. Nf3 f5 2. g3 Nf6 3. Bg2 g6 4. 0-0 d6 5. d4 c6 6. c4 Bg7 7. Nc3 0-0 8. Re1 Qc7 9. b3 e5 10. c5 exd4 11. cxd6 Qxd6 12. Bf4 Qb4 13. Qxd4 Na6 14. Be5 Qxd4 15. Nxd4 Re8 16. f4 Ne4 17. Bxg7 Kxg7 18. Nxe4 fxe4 19. Rac1 Bd7 20. Red1 Rad8 21. Nc2 Bg4 22. Kf2 Bf5 23. Ne3 h5 24. Nc4 Rxd1 25. Rxd1 Re7 26. Ne3 Nb4 27. a3 Nd5 28. h3 Kf7 29. Rd4 Nc3 30. Nc4 Nb5 31. Rd8 c5 32. g4 hxg4 33. hxg4 Be6 34. Ne5+ Kg7 35. Bxe4 Bxb3 36. Bd3 Nxa3 37. Nxg6 Rf7 38. Be4 b5 39. f5 Bc2 40. Bd5 Rc7 41. e4 Kh6 42. Kg3 Kg5 43. Nf4 Kf6 44. Re8 Rd7 45. Nh5+ 1-0

[Event "Hessen-ch Seniors"]
[Site "Bruchkoebel"]
[Date "2002.03.23"]
[Round "2"]
[White "Panic, Milislav"]
[Black "Johne, Siegfried"]
[Result "1-0"]
[WhiteElo "2143"]
[BlackElo "1832"]
[PlyCount "92"]
[EventDate "2002.03.22"]
[EventType "swiss"]
[EventRounds "9"]
[EventCountry "GER"]
[SourceTitle "EXT 2003"]
[Source "ChessBase"]
[SourceDate "2002.11.25"]
[SourceVersion "1"]
[SourceVersionDate "2002.11.25"]
[SourceQuality "1"]

1. Nf3 d5 2. c4 Nf6 3. g3 b6 4. cxd5 Nxd5 5. Bg2 Bb7 6. d4 e6 7. 0-0 c5 8. Re1 cxd4 9. Nxd4 Bb4 10. Bd2 Bxd2 11. Nxd2 Nc6 12. Qa4 Qd7 13. Rac1 Nxd4 14. Qxd4 0-0 15. e4 Nf6 16. Qxd7 Nxd7 17. Rc7 Nc5 18. b4 Nd3 19. Re3 Ba6 20. a3 Rfc8 21. Rxc8+ Rxc8 22. Bf1 Rd8 23. Nf3 Bc4 24. Ne1 Ne5 25. Bxc4 Nxc4 26. Rc3 b5 27. Nd3 Rc8 28. Nc5 a5 29. Nb3 axb4 30. axb4 e5 31. Rd3 f6 32. Rd7 Na3 33. Nc5 Nc2 34. Ne6 g6 35. Nc7 Nxb4 36. Nxb5 Nc2 37. Nc7 Nd4 38. Nd5 Rf8 39. Kg2 Rf7 40. Rd6 Kg7 41. f4 Nb5 42. Rc6 Nd4 43. Rb6 g5 44. h3 h5 45. Rb8 g4 46. hxg4 hxg4 1-0